00411 2200157 4500001002100000005001500021035002000036245008200056100002100138300001200159260002600171082000800197084001400205020002200219990001200241INLIS00000000000189820250520092139 a0010-05250001901 aKumpulan Cerita Rakyat 33 Provinsi Dari Aceh Sampai Papua /cYustitia Angelia0 aYustitia Angelia a128 hlm aSolo :bLingkar Media a810 a810 YUS k a978-602-365-011-8 a0754790